Dafranko, Udforlig Fortegnelse over Danske Frankoafstemplinger (Record no. 731)

000 -LEADER
fixed length control field 00328nam a22001217a 4500
003 - CONTROL NUMBER IDENTIFIER
control field OSt
008 - FIXED-LENGTH DATA ELEMENTS--GENERAL INFORMATION
fixed length control field 150215b xxu||||| |||| 00| 0 eng d
041 ## - LANGUAGE CODE
Language code of text/sound track or separate title eng
100 1# - MAIN ENTRY--PERSONAL NAME
Personal name Ohlhues
245 10 - TITLE STATEMENT
Title Dafranko, Udforlig Fortegnelse over Danske Frankoafstemplinger
260 ## - PUBLICATION, DISTRIBUTION, ETC. (IMPRINT)
Name of publisher, distributor, etc. Stella Filatelist Forlag A/S Kobenhavn
Date of publication, distribution, etc. 1947
300 ## - PHYSICAL DESCRIPTION
Extent 0 pages
Holdings
Withdrawn status Lost status Source of classification or shelving scheme Damaged status Not for loan Permanent Location Current Location Date acquired Total Checkouts Full call number Barcode Date last seen Date last checked out Price effective from
          Northern Philatelic Library Northern Philatelic Library 05/09/2016 1 G6921 M149 O379 1001150 03/18/2017 06/06/2016 05/09/2016

Powered by Koha